000 00621nam a2200229 a 4500
999 _c6931
_d6931
001 6931
003 BD-JhCC
005 20180422091400.0
008 180201s1992 bg |||| |||| 000 0 eng d
020 _a9840511882
035 _a(BD-JhCC)6931
040 _aBD-JhCC
_dBD-JhCC
041 _aeng
082 _a954.92
_bOSM 1992
100 _aOsmany, Shireen Hasan
245 _aBangladesh Nationalism :
_bhistory of dialectics and dimensions /
_cShireen Hasan Osmany
260 _aDhaka :
_bUniversity press limited,
_c1992.
300 _a168 p. :
_c21 cm.
650 _aBangladesh
942 _2ddc
_cBK